Shopper marketing a jeho uplatnenie v podmienkach maloobchodu dizertačná práca

Enregistré dans:
Détails bibliographiques
Auteur principal: Stanková, Monika, 1993-
Collectivité auteur: Obchodná fakulta EU. Katedra marketingu
Autres auteurs: Matušovičová, Monika, 1967-
Format: Livre
Langue:slovaque
Publié: Bratislava 2020
Sujets:
Tags: Ajouter un tag
Pas de tags, Soyez le premier à ajouter un tag!

MARC

LEADER 00000nbm a2200000 4500
001 0267175
005 20230302102219.0
041 0 |a slo 
044 |a SK 
245 1 0 |a Shopper marketing a jeho uplatnenie v podmienkach maloobchodu  |b dizertačná práca  |c Monika Stanková ; školiteľ: Monika Matušovičová 
264 1 |a Bratislava  |c 2020 
300 |a 132 s. 
610 2 0 |a marketing 
610 2 0 |a maloobchod 
610 2 0 |a komunikácia marketingová 
610 2 0 |a nákup 
100 1 |a Stanková, Monika, 1993- 
700 1 |a Matušovičová, Monika, 1967- 
710 2 |a Obchodná fakulta EU. Katedra marketingu